Lagi musim bunga

Bibliographic Details
Main Author: Darwis Harahap
Format: Book
Published: Shah Alam : Marwilis , 1988
Subjects:

MARC

LEADER 00000cam a2200000 7i4500
001 0000008967
002 000009768
005 20000330.0
020 |a 9838310328 
090 0 0 |a F   |b DAR 
100 0 |a Darwis Harahap 
245 1 0 |a Lagi musim bunga   |c Darwis Harahap 
260 |a Shah Alam :   |b Marwilis ,   |c 1988 
300 |a 128 p. ;   |c 18 cm. 
650 0 0 |a General fiction, Malay 
999 |a 023359   |b BUKU   |c PINJAMAN   |e PERPUSTAKAAN KOMUNITI PETALING JAYA 
999 |a 023361   |b BUKU   |c PINJAMAN   |e PERPUSTAKAAN KOMUNITI PETALING JAYA